[Event "Tradewise Gibraltar Chess Festival 2013"]
[Site "Gibraltar ENG"]
[Date "2013.01.29"]
[Round "8.26"]
[White "Tari, Aryan"]
[Black "Harika, Dronavalli"]
[Result "0-1"]
[WhiteElo "2268"]
[BlackElo "2514"]
[PlyCount "70"]
[EventDate "2013.01.22"]
[EventType "swiss"]
[EventRounds "10"]
[EventCountry "ENG"]
[Source "lmi"]
[SourceDate "2013.01.22"]

1. e4 Nf6 2. e5 Nd5 3. d4 d6 4. Nf3 g6 5. Be2 Bg7 6. O-O O-O 7. c4 Nb6 8. Nc3
Bg4 9. Be3 Nc6 10. exd6 cxd6 11. b3 d5 12. c5 Nc8 13. Rb1 e6 14. b4 N8e7 15. b5
Bxf3 16. Bxf3 Na5 17. Bg5 h6 18. Bxe7 Qxe7 19. Qd3 Qf6 20. Rfd1 Rfd8 21. Be2
Nc4 22. Qg3 Na5 23. Qc7 b6 24. cxb6 axb6 25. Na4 Rdc8 26. Qxb6 Qe7 27. Nb2 Qa3
28. Bf1 Bf6 29. Rd3 Qf8 30. Rdd1 Bd8 31. Qa6 Rxa6 32. bxa6 Qd6 33. Na4 Nc4 34.
Nc5 Bb6 35. Rb5 Bxc5 0-1

[Event "Tradewise Gibraltar Chess Festival 2013"]
[Site "Gibraltar ENG"]
[Date "2013.01.29"]
[Round "8.27"]
[White "Kanep, Meelis"]
[Black "Sanchez Ibern, Marc"]
[Result "1/2-1/2"]
[WhiteElo "2512"]
[BlackElo "2356"]
[PlyCount "69"]
[EventDate "2013.01.22"]
[EventType "swiss"]
[EventRounds "10"]
[EventCountry "ENG"]
[Source "lmi"]
[SourceDate "2013.01.22"]

1. Nf3 Nf6 2. c4 g6 3. Nc3 d5 4. cxd5 Nxd5 5. h4 Nc6 6. h5 Bg7 7. Qb3 Nb6 8. d3
Bg4 9. Ng5 O-O 10. f3 Nd4 11. Qd1 Be5 12. Nce4 Bf5 13. e3 Ne6 14. f4 Nxg5 15.
Nxg5 Bg7 16. e4 Bd7 17. hxg6 hxg6 18. f5 e6 19. fxg6 fxg6 20. Qg4 Qe7 21. Qh3
Bxb2 22. Rb1 Bc3+ 23. Ke2 Nd5 24. Qh6 Nf4+ 25. Bxf4 Rxf4 26. Qxg6+ Qg7 27.
Qxg7+ Bxg7 28. Rxb7 Bd4 29. Nh3 Rf7 30. Rb1 Raf8 31. Kd2 Rg7 32. Rh2 Be5 33.
Rh1 Bd4 34. Rh2 Be5 35. Rh1 1/2-1/2

[Event "Tradewise Gibraltar Chess Festival 2013"]
[Site "Gibraltar ENG"]
[Date "2013.01.29"]
[Round "8.29"]
[White "Storey, Charles H"]
[Black "Gallagher, Joseph G"]
[Result "0-1"]
[WhiteElo "2245"]
[BlackElo "2499"]
[PlyCount "66"]
[EventDate "2013.01.22"]
[EventType "swiss"]
[EventRounds "10"]
[EventCountry "ENG"]
[Source "lmi"]
[SourceDate "2013.01.22"]

1. g3 e5 2. c4 Nf6 3. Bg2 c6 4. Nf3 e4 5. Nd4 d5 6. cxd5 Qxd5 7. Nb3 Bf5 8. d4
Nbd7 9. Nc3 Bb4 10. Bd2 Bxc3 11. bxc3 a5 12. a4 Be6 13. Nc1 b5 14. Nd3 g5 15.
axb5 cxb5 16. h4 gxh4 17. Rxh4 Bf5 18. e3 O-O 19. Nf4 Qc6 20. g4 Bg6 21. g5 Nd5
22. Nxg6 fxg6 23. Bxe4 N7b6 24. Qg4 a4 25. f4 Rae8 26. Bf3 Rxe3+ 27. Kf2 Rd3
28. Rd1 Qd6 29. Qg3 Nxc3 30. Bxc3 Rxc3 31. Kg2 Nd5 32. Kh1 Ne3 33. Qh3 Nxd1 0-1

[Event "Tradewise Gibraltar Chess Festival 2013"]
[Site "Gibraltar ENG"]
[Date "2013.01.29"]
[Round "8.31"]
[White "Paehtz, Elisabeth"]
[Black "Kvisvik, Brede"]
[Result "1/2-1/2"]
[WhiteElo "2482"]
[BlackElo "2314"]
[PlyCount "94"]
[EventDate "2013.01.22"]
[EventType "swiss"]
[EventRounds "10"]
[EventCountry "ENG"]
[Source "lmi"]
[SourceDate "2013.01.22"]

1. e4 c5 2. Nf3 e6 3. d4 cxd4 4. Nxd4 a6 5. Bd3 g6 6. O-O Bg7 7. Nf3 Ne7 8. c4
O-O 9. Nc3 d5 10. cxd5 exd5 11. Qb3 Nbc6 12. Bg5 dxe4 13. Bxe4 Qa5 14. Be3 Be6
15. Qb6 Qxb6 16. Bxb6 Bf5 17. Bxf5 Nxf5 18. Rfd1 Ne5 19. Nxe5 Bxe5 20. Rd7 Rac8
21. a4 Rfe8 22. g3 Re7 23. Rad1 Rce8 24. a5 Kg7 25. Bc5 Rxd7 26. Rxd7 Rc8 27.
Bb6 Nd6 28. Na4 Rc1+ 29. Kg2 Rc2 30. b4 Ne4 31. Be3 Rc7 32. Rd5 Bf6 33. Kf3 Rc4
34. Nb6 Rxb4 35. Rd7 Ng5+ 36. Kg2 Rb5 37. Nc4 Ne4 38. Kf3 Rb4 39. Nb6 Ng5+ 40.
Kg2 Ne4 41. Nd5 Rb5 42. Nxf6 Kxf6 43. Bb6 Nc5 44. Rc7 Nb3 45. Rxb7 Ke6 46. Ra7
Nxa5 47. Rxa6 Nc6 1/2-1/2

[Event "Tradewise Gibraltar Chess Festival 2013"]
[Site "Gibraltar ENG"]
[Date "2013.01.29"]
[Round "8.32"]
[White "Tischbierek, Raj"]
[Black "Arvola, Benjamin"]
[Result "1/2-1/2"]
[WhiteElo "2472"]
[BlackElo "2309"]
[PlyCount "117"]
[EventDate "2013.01.22"]
[EventType "swiss"]
[EventRounds "10"]
[EventCountry "ENG"]
[Source "lmi"]
[SourceDate "2013.01.22"]

1. e4 e5 2. Nf3 Nc6 3. Bb5 a6 4. Ba4 Nf6 5. O-O Be7 6. d3 b5 7. Bb3 O-O 8. a4
Bb7 9. Nc3 b4 10. Nd5 Nxd5 11. Bxd5 d6 12. c3 Rb8 13. Bd2 bxc3 14. Bxc3 Nb4 15.
Bxb7 Rxb7 16. d4 f6 17. Qb3+ Kh8 18. Rfd1 Qc8 19. Qc4 c5 20. dxc5 Qxc5 21. Nd2
Rd8 22. Qxc5 dxc5 23. Nc4 Rbd7 24. Rxd7 Rxd7 25. g3 Kg8 26. Kg2 Kf7 27. Rc1 Ke6
28. Kf3 Nc6 29. Ke3 g6 30. g4 Bf8 31. Ke2 Nd4+ 32. Bxd4 Rxd4 33. f3 Bh6 34. Rc3
f5 35. exf5+ gxf5 36. h3 Bf8 37. b3 h5 38. Ne3 fxg4 39. hxg4 hxg4 40. Nxg4 Be7
41. Rc4 Bd6 42. Ne3 Bf8 43. Nc2 Rd7 44. Rc3 Kf5 45. Ne3+ Kf4 46. Rc4+ Rd4 47.
Nd5+ Kf5 48. Nc3 Rd7 49. Ne4 Rb7 50. Rc3 Kf4 51. Rd3 Be7 52. Kd2 Rb4 53. Nc3
Kf5 54. Rd7 Rd4+ 55. Rxd4 cxd4 56. Ne4 Kf4 57. Ke2 a5 58. Nf2 Kf5 59. Kd3
1/2-1/2

[Event "Tradewise Gibraltar Chess Festival 2013"]
[Site "Gibraltar ENG"]
[Date "2013.01.29"]
[Round "8.33"]
[White "Cernousek, Lukas"]
[Black "Janev, Pavel"]
[Result "1-0"]
[WhiteElo "2453"]
[BlackElo "2126"]
[PlyCount "96"]
[EventDate "2013.01.22"]
[EventType "swiss"]
[EventRounds "10"]
[EventCountry "ENG"]
[Source "lmi"]
[SourceDate "2013.01.22"]

1. d4 Nf6 2. c4 g6 3. g3 Bg7 4. Bg2 O-O 5. Nc3 d6 6. Nf3 c6 7. O-O Qc7 8. h3
Nbd7 9. e4 e5 10. Be3 exd4 11. Nxd4 Nc5 12. Qc2 a5 13. Rad1 a4 14. Rfe1 Nfd7
15. f4 Re8 16. Bf2 Qa5 17. Rb1 Ne6 18. Nde2 Qb4 19. b3 axb3 20. axb3 Qa5 21.
Red1 Qc7 22. Qd2 Bf8 23. g4 Nec5 24. Qc2 Bg7 25. Bf3 g5 26. fxg5 Ne5 27. Bg2
Ng6 28. Nd4 Ne6 29. Nf5 Be5 30. h4 Nef4 31. Bf1 Be6 32. Ne2 Ra3 33. Be3 Rea8
34. Nxf4 Nxf4 35. Qf2 d5 36. cxd5 cxd5 37. Rbc1 Qb8 38. exd5 Nxd5 39. Rxd5 Bxd5
40. Ne7+ Kg7 41. Nxd5 Ra1 42. Rxa1 Rxa1 43. Bd4 Rd1 44. Bxe5+ Qxe5 45. Ne3 Rb1
46. Nf5+ Kf8 47. Qc2 Re1 48. Qc8+ Qe8 1-0

[Event "Tradewise Gibraltar Chess Festival 2013"]
[Site "Gibraltar ENG"]
[Date "2013.01.29"]
[Round "8.34"]
[White "Spence, David J"]
[Black "Womacka, Mathias"]
[Result "1/2-1/2"]
[WhiteElo "2226"]
[BlackElo "2442"]
[PlyCount "60"]
[EventDate "2013.01.22"]
[EventType "swiss"]
[EventRounds "10"]
[EventCountry "ENG"]
[Source "lmi"]
[SourceDate "2013.01.22"]

1. e4 c5 2. c3 d5 3. exd5 Qxd5 4. d4 Nf6 5. Nf3 e6 6. Be3 Nbd7 7. c4 Qd6 8. Nc3
cxd4 9. Nxd4 a6 10. Be2 Be7 11. O-O O-O 12. Qc2 Qc7 13. Ne4 b6 14. Nc6 Qxc6 15.
Nxf6+ Nxf6 16. Bf3 Nd5 17. Qb3 Bb7 18. cxd5 exd5 19. Rfd1 Qb5 20. Bxd5 Bxd5 21.
Qxb5 axb5 22. Rxd5 b4 23. Bxb6 Rfc8 24. g3 Ra6 25. Bd4 Rca8 26. a3 bxa3 27.
bxa3 Rxa3 28. Rxa3 Bxa3 29. Bb6 f6 30. Rd8+ Rxd8 1/2-1/2

[Event "Tradewise Gibraltar Chess Festival 2013"]
[Site "Gibraltar ENG"]
[Date "2013.01.29"]
[Round "8.35"]
[White "Teran Alvarez, Ismael"]
[Black "Kulaots, Kaido"]
[Result "1/2-1/2"]
[WhiteElo "2399"]
[BlackElo "2587"]
[PlyCount "91"]
[EventDate "2013.01.22"]
[EventType "swiss"]
[EventRounds "10"]
[EventCountry "ENG"]
[Source "lmi"]
[SourceDate "2013.01.22"]

1. e4 g6 2. d4 Bg7 3. Nf3 d6 4. Bc4 Nf6 5. Qe2 O-O 6. e5 dxe5 7. dxe5 Nd5 8.
O-O Be6 9. Ng5 Nc6 10. Nxe6 fxe6 11. Qg4 Kh8 12. f4 Nxf4 13. Rxf4 Rxf4 14. Qxf4
Qd1+ 15. Qf1 Qd4+ 16. Kh1 Rf8 17. Qd3 Qh4 18. Nd2 Nxe5 19. Qe2 Rf2 20. Qe1 Nxc4
21. Nxc4 Rf5 22. Qe2 Qg4 23. Qd3 Rd5 24. h3 Rxd3 25. hxg4 Rd1+ 26. Kh2 Bh6 27.
Bxh6 Rxa1 28. a3 Re1 29. Bd2 Re4 30. Ne3 Kg8 31. Kg3 e5 32. Kf3 Rf4+ 33. Ke2
Kf7 34. g3 Ra4 35. c4 Ke6 36. Kd3 Ra6 37. Ke4 Rd6 38. Bc3 c6 39. Bxe5 Rd2 40.
Bc3 Rf2 41. Nd1 Rf1 42. Ne3 Rf2 43. Bd4 b5 44. cxb5 cxb5 45. Nd1 Re2+ 46. Ne3
1/2-1/2

[Event "Tradewise Gibraltar Chess Festival 2013"]
[Site "Gibraltar ENG"]
[Date "2013.01.29"]
[Round "8.36"]
[White "Karavade, Eesha"]
[Black "Maze, Sebastien"]
[Result "0-1"]
[WhiteElo "2391"]
[BlackElo "2546"]
[PlyCount "108"]
[EventDate "2013.01.22"]
[EventType "swiss"]
[EventRounds "10"]
[EventCountry "ENG"]
[Source "lmi"]
[SourceDate "2013.01.22"]

1. d4 Nf6 2. c4 g6 3. Nc3 Bg7 4. e4 d6 5. f3 O-O 6. Nge2 e5 7. Be3 c6 8. Qd2
Nbd7 9. d5 cxd5 10. cxd5 a6 11. g4 b5 12. Ng3 Bb7 13. h4 Qe7 14. h5 Rfc8 15.
Bh6 Bxh6 16. Qxh6 Ne8 17. g5 Nf8 18. Nd1 Qc7 19. Ne3 Qa5+ 20. Kf2 Qb6 21. Bd3
Rc7 22. Rae1 Qd4 23. Bb1 Qxb2+ 24. Re2 Qd4 25. Kg2 Bc8 26. Rd1 Qb6 27. Ngf5
gxf5 28. exf5 f6 29. gxf6 Rf7 30. Kh2 Rxf6 31. Rg2+ Kf7 32. Qg5 Ke7 33. Ng4 Nd7
34. f4 Kd8 35. Nxf6 Ndxf6 36. fxe5 dxe5 37. d6 Bd7 38. Be4 Rc8 39. h6 Rc4 40.
Bd5 Rd4 41. Rxd4 exd4 42. Bf3 Qxd6+ 43. Kh1 Qe5 44. Re2 Qxf5 45. Qxf5 Bxf5 46.
Rd2 d3 47. Be2 Nd6 48. Bxd3 Nfe4 49. Bxe4 Bxe4+ 50. Kh2 Kc7 51. Kg3 Bg6 52. Kf4
Kc6 53. Re2 a5 54. Re5 Nf7 0-1

[Event "Tradewise Gibraltar Chess Festival 2013"]
[Site "Gibraltar ENG"]
[Date "2013.01.29"]
[Round "8.37"]
[White "Salem, A.R. Saleh"]
[Black "Vojinovic, Jovana"]
[Result "1-0"]
[WhiteElo "2538"]
[BlackElo "2359"]
[PlyCount "65"]
[EventDate "2013.01.22"]
[EventType "swiss"]
[EventRounds "10"]
[EventCountry "ENG"]
[Source "lmi"]
[SourceDate "2013.01.22"]

1. d4 Nf6 2. c4 g6 3. Nc3 Bg7 4. e4 d6 5. f3 O-O 6. Be3 Nbd7 7. Nh3 a6 8. Qd2
c5 9. Be2 cxd4 10. Bxd4 Qa5 11. Nf2 Ne5 12. b4 Qc7 13. Rc1 Nfd7 14. O-O Qd8 15.
Rfd1 Re8 16. Nd5 e6 17. Ne3 Bf8 18. Bb2 Qb6 19. f4 Nc6 20. a3 e5 21. Nd5 Qd8
22. f5 Ne7 23. c5 Nxd5 24. Qxd5 dxc5 25. Ng4 Qg5 26. bxc5 Nf6 27. Qd2 Qxg4 28.
Bxg4 Nxg4 29. Qg5 h5 30. Rd8 Bxf5 31. Rxa8 Rxa8 32. exf5 Bh6 33. Qe7 1-0

[Event "Tradewise Gibraltar Chess Festival 2013"]
[Site "Gibraltar ENG"]
[Date "2013.01.29"]
[Round "8.38"]
[White "Jakubiec, Artur"]
[Black "Godard, Maxence"]
[Result "1-0"]
[WhiteElo "2518"]
[BlackElo "2340"]
[PlyCount "73"]
[EventDate "2013.01.22"]
[EventType "swiss"]
[EventRounds "10"]
[EventCountry "ENG"]
[Source "lmi"]
[SourceDate "2013.01.22"]

1. g3 d5 2. Bg2 Nf6 3. f4 g6 4. Nf3 Bg7 5. O-O O-O 6. d3 c6 7. Nc3 Qb6+ 8. e3
Bg4 9. a4 a5 10. h3 Bxf3 11. Qxf3 Nfd7 12. Kh1 f5 13. e4 e6 14. Qe2 Nc5 15. e5
Nbd7 16. Nb1 Qc7 17. Nd2 Rab8 18. Nf3 b5 19. axb5 cxb5 20. Be3 a4 21. Nd4 b4
22. g4 Kh8 23. Bf3 Ra8 24. Rg1 Qd8 25. gxf5 gxf5 26. Qf2 Ra6 27. Nb5 Nb7 28.
Rg5 Qe7 29. Rag1 Rg8 30. Bd4 Raa8 31. Nd6 Nf8 32. Qg3 h6 33. Qh4 Ng6 34. Qh5
Nxf4 35. Nf7+ Kh7 36. Rxg7+ Rxg7 37. Qxh6+ 1-0

[Event "Tradewise Gibraltar Chess Festival 2013"]
[Site "Gibraltar ENG"]
[Date "2013.01.29"]
[Round "8.39"]
[White "Mastrovasilis, Athanasios"]
[Black "Forsaa, Espen"]
[Result "1-0"]
[WhiteElo "2498"]
[BlackElo "2305"]
[PlyCount "61"]
[EventDate "2013.01.22"]
[EventType "swiss"]
[EventRounds "10"]
[EventCountry "ENG"]
[Source "lmi"]
[SourceDate "2013.01.22"]

1. d4 e6 2. g3 Nf6 3. Bg2 d5 4. Nf3 Be7 5. O-O O-O 6. c4 dxc4 7. Qc2 a6 8. a4
Bd7 9. Qxc4 Bc6 10. Bf4 a5 11. Nc3 Na6 12. Rac1 Nb4 13. Rfd1 h6 14. Ne5 Bxg2
15. Kxg2 c6 16. e4 Qb6 17. Qe2 Qa6 18. Qf3 Rad8 19. b3 Qa7 20. Be3 Qa6 21. h4
Nd7 22. Nc4 Nf6 23. g4 Nh7 24. g5 g6 25. e5 h5 26. Ne4 Rfe8 27. Nf6+ Nxf6 28.
gxf6 Bf8 29. Kh2 Kh7 30. Rg1 c5 31. Rg5 1-0

[Event "Tradewise Gibraltar Chess Festival 2013"]
[Site "Gibraltar ENG"]
[Date "2013.01.29"]
[Round "8.40"]
[White "Hoang, Thanh Trang"]
[Black "De Haan, Eric"]
[Result "1-0"]
[WhiteElo "2469"]
[BlackElo "2303"]
[PlyCount "65"]
[EventDate "2013.01.22"]
[EventType "swiss"]
[EventRounds "10"]
[EventCountry "ENG"]
[Source "lmi"]
[SourceDate "2013.01.22"]

1. d4 c5 2. d5 Nf6 3. Nc3 g6 4. e4 d6 5. Nf3 Bg4 6. Be2 Bg7 7. O-O O-O 8. Nd2
Bxe2 9. Qxe2 Na6 10. Nc4 Nd7 11. f4 Nc7 12. a4 Nb6 13. Ne3 e6 14. dxe6 fxe6 15.
a5 Nd7 16. Nc4 Qe7 17. Rd1 Bd4+ 18. Be3 Bxc3 19. bxc3 d5 20. Nd2 Qg7 21. e5 g5
22. Rf1 g4 23. c4 d4 24. Bf2 Rxf4 25. Bg3 Rxf1+ 26. Rxf1 Rf8 27. Qe4 Rxf1+ 28.
Nxf1 Na6 29. Qxb7 Nab8 30. Qxa7 Qf8 31. Qc7 Qe8 32. Qd6 Kf7 33. a6 1-0

[Event "Tradewise Gibraltar Chess Festival 2013"]
[Site "Gibraltar ENG"]
[Date "2013.01.29"]
[Round "8.41"]
[White "Chapman, Terry P D"]
[Black "Akesson, Ralf"]
[Result "0-1"]
[WhiteElo "2292"]
[BlackElo "2441"]
[PlyCount "63"]
[EventDate "2013.01.22"]
[EventType "swiss"]
[EventRounds "10"]
[EventCountry "ENG"]
[Source "lmi"]
[SourceDate "2013.01.22"]

1. Nf3 f5 2. e4 fxe4 3. Ng5 Nf6 4. d3 Nc6 5. Nc3 e5 6. dxe4 h6 7. Nf3 Bb4 8.
Bc4 d6 9. Nh4 Ne7 10. Bd2 Bg4 11. f3 Bd7 12. g4 c6 13. Qe2 Qc7 14. O-O-O O-O-O
15. a3 Ba5 16. Qf2 Kb8 17. b4 Bb6 18. Be3 Bxe3+ 19. Qxe3 g5 20. Ng2 d5 21. exd5
cxd5 22. Nxd5 Nexd5 23. Bxd5 Bxg4 24. Bb3 Bh3 25. Qe2 e4 26. Kb2 Rxd1 27. Rxd1
exf3 28. Qxf3 Qe5+ 29. Ka2 Bg4 30. Qe3 Qxe3 31. Nxe3 Bxd1 32. Nxd1 0-1

[Event "Tradewise Gibraltar Chess Festival 2013"]
[Site "Gibraltar ENG"]
[Date "2013.01.29"]
[Round "8.43"]
[White "Scharrer, Patrick"]
[Black "Kuipers, Stefan"]
[Result "0-1"]
[WhiteElo "2248"]
[BlackElo "2431"]
[PlyCount "68"]
[EventDate "2013.01.22"]
[EventType "swiss"]
[EventRounds "10"]
[EventCountry "ENG"]
[Source "lmi"]
[SourceDate "2013.01.22"]

1. e4 e6 2. d4 d5 3. Nc3 Bb4 4. e5 c5 5. Bd2 Ne7 6. Nb5 Bxd2+ 7. Qxd2 O-O 8.
dxc5 Nd7 9. f4 Nxc5 10. O-O-O Bd7 11. Nd4 Rc8 12. Kb1 Qb6 13. Bd3 Nc6 14. Ngf3
a5 15. Ka1 a4 16. a3 Na5 17. h4 Rfd8 18. g4 Ne4 19. Qe1 Nc4 20. Bxc4 Rxc4 21.
f5 Qc5 22. Rh2 Qe7 23. Qe3 b5 24. Ng5 exf5 25. Nxe4 fxe4 26. Qf4 b4 27. axb4
Qxb4 28. Rf2 Rf8 29. c3 Qb6 30. Nc2 a3 31. Nxa3 Ra4 32. Rfd2 Rfa8 33. Qg5 e3
34. Re2 Qb3 0-1

[Event "Tradewise Gibraltar Chess Festival 2013"]
[Site "Gibraltar ENG"]
[Date "2013.01.29"]
[Round "8.44"]
[White "Trent, Lawrence"]
[Black "Amato, Andrea"]
[Result "1-0"]
[WhiteElo "2429"]
[BlackElo "2259"]
[PlyCount "49"]
[EventDate "2013.01.22"]
[EventType "swiss"]
[EventRounds "10"]
[EventCountry "ENG"]
[Source "lmi"]
[SourceDate "2013.01.22"]

1. e4 d6 2. Nc3 Nf6 3. f4 e5 4. Nf3 exf4 5. d4 d5 6. e5 Ne4 7. Bd3 Bb4 8. O-O
Nxc3 9. bxc3 Bxc3 10. Rb1 Bg4 11. Kh1 Nc6 12. Rxb7 Nxd4 13. Ba3 Bxf3 14. Rxf3
Qc8 15. Ba6 Qe6 16. Rxc3 Qxa6 17. Rbxc7 Rb8 18. Re7+ Kd8 19. h3 f3 20. Rxf3 Qc4
21. Rfxf7 Nb5 22. Bd6 Nc3 23. Rd7+ Kc8 24. Rc7+ Kd8 25. Qf3 1-0

[Event "Tradewise Gibraltar Chess Festival 2013"]
[Site "Gibraltar ENG"]
[Date "2013.01.29"]
[Round "8.45"]
[White "Telljohann, Sven"]
[Black "Nuri, Kambez"]
[Result "1-0"]
[WhiteElo "2423"]
[BlackElo "2241"]
[PlyCount "57"]
[EventDate "2013.01.22"]
[EventType "swiss"]
[EventRounds "10"]
[EventCountry "ENG"]
[Source "lmi"]
[SourceDate "2013.01.22"]

1. Nf3 Nf6 2. g3 e6 3. Bg2 d5 4. O-O c5 5. c4 Nc6 6. b3 Be7 7. Bb2 O-O 8. d3 d4
9. e4 Nd7 10. Ne1 f5 11. Bc1 Bd6 12. exf5 exf5 13. Bd5+ Kh8 14. Ng2 Nb4 15. Bf3
Ne5 16. Be2 Ng6 17. f4 Bd7 18. Bd2 Na6 19. Bf3 Rb8 20. Na3 Nc7 21. Rb1 Ne7 22.
Nc2 Nc6 23. Re1 Qf6 24. Qe2 h6 25. Nh4 g5 26. fxg5 hxg5 27. Bxc6 Bxc6 28. Qh5+
Kg8 29. Bxg5 1-0

[Event "Tradewise Gibraltar Chess Festival 2013"]
[Site "Gibraltar ENG"]
[Date "2013.01.29"]
[Round "8.46"]
[White "Zygouris, Hristos"]
[Black "Moreno Tejera, Emilio"]
[Result "1-0"]
[WhiteElo "2218"]
[BlackElo "2413"]
[PlyCount "75"]
[EventDate "2013.01.22"]
[EventType "swiss"]
[EventRounds "10"]
[EventCountry "ENG"]
[Source "lmi"]
[SourceDate "2013.01.22"]

1. e4 e5 2. Nf3 Nc6 3. Bb5 a6 4. Ba4 Nf6 5. Qe2 b5 6. Bb3 Be7 7. d3 d6 8. c3
O-O 9. Nbd2 Na5 10. Bc2 c5 11. Nf1 h6 12. h3 Re8 13. Ng3 Bf8 14. O-O g6 15. a4
Be6 16. axb5 axb5 17. Be3 Qc7 18. Nd2 d5 19. f4 exf4 20. Bxf4 Qd8 21. e5 Nd7
22. Nf3 d4 23. cxd4 cxd4 24. Qd2 g5 25. Nxg5 hxg5 26. Bxg5 Qc7 27. Ne4 Nc6 28.
Nf6+ Nxf6 29. Bxf6 Nxe5 30. Rxa8 Rxa8 31. Qf4 Qxc2 32. Qxe5 Qxd3 33. Rf3 Ra1+
34. Kh2 Qd1 35. Rg3+ Kh7 36. Qe4+ Kh6 37. Qf4+ Kh7 38. Qh4+ 1-0

[Event "Tradewise Gibraltar Chess Festival 2013"]
[Site "Gibraltar ENG"]
[Date "2013.01.29"]
[Round "8.47"]
[White "Lederman, Leon"]
[Black "Roser, Kevin"]
[Result "1-0"]
[WhiteElo "2239"]
[BlackElo "2409"]
[PlyCount "53"]
[EventDate "2013.01.22"]
[EventType "swiss"]
[EventRounds "10"]
[EventCountry "ENG"]
[Source "lmi"]
[SourceDate "2013.01.22"]

1. e4 c5 2. Nf3 Nc6 3. d4 cxd4 4. Nxd4 e6 5. Nb5 d6 6. c4 Nf6 7. N1c3 a6 8. Na3
Be7 9. Be2 O-O 10. O-O b6 11. Nc2 Bb7 12. b3 Rc8 13. Bb2 Ne5 14. f3 Qc7 15. Rc1
Rfd8 16. f4 Ng6 17. f5 Ne5 18. fxe6 fxe6 19. Nd4 Re8 20. Nxe6 Qc6 21. Nd5 Nxe4
22. Bf3 Qd7 23. Bxe4 Qxe6 24. Bf5 Qh6 25. Bxc8 Bxc8 26. Bxe5 dxe5 27. Nxe7+ 1-0

[Event "Tradewise Gibraltar Chess Festival 2013"]
[Site "Gibraltar ENG"]
[Date "2013.01.29"]
[Round "8.48"]
[White "Veltkamp, Gerben"]
[Black "Arakhamia-Grant, Ketevan"]
[Result "0-1"]
[WhiteElo "2200"]
[BlackElo "2405"]
[PlyCount "86"]
[EventDate "2013.01.22"]
[EventType "swiss"]
[EventRounds "10"]
[EventCountry "ENG"]
[Source "lmi"]
[SourceDate "2013.01.22"]

1. e4 g6 2. d4 Bg7 3. Nc3 d6 4. Be3 a6 5. Qd2 Nd7 6. f3 b5 7. a4 b4 8. Nd1 c5
9. dxc5 dxc5 10. Bc4 Ngf6 11. a5 O-O 12. Bf4 Bb7 13. e5 Nh5 14. e6 fxe6 15.
Bxe6+ Kh8 16. Bg5 Ne5 17. Qxd8 Rfxd8 18. Ne3 h6 19. Bh4 Nf4 20. Ba2 Nc6 21. Rb1
Bd4 22. Bf2 Bxe3 23. Bxe3 Nxg2+ 24. Kf2 Nxe3 25. Kxe3 Nxa5 26. Ne2 Rd6 27. Rbg1
Rf8 28. Rg3 Rdf6 29. Rf1 e5 30. h4 Bc6 31. Nc1 c4 32. c3 b3 33. Bb1 Kg7 34. Ne2
Nb7 35. f4 Be8 36. Rfg1 Nc5 37. fxe5 Re6 38. Kd4 Nd7 39. Kxc4 Nxe5+ 40. Kd5 Bf7
41. Nd4 Rf6+ 42. Kc5 Rc8+ 43. Kb4 Rb6+ 0-1

[Event "Tradewise Gibraltar Chess Festival 2013"]
[Site "Gibraltar ENG"]
[Date "2013.01.29"]
[Round "8.49"]
[White "Poetsch, Hagen"]
[Black "Dukaczewski, Piotr"]
[Result "1/2-1/2"]
[WhiteElo "2437"]
[BlackElo "2268"]
[PlyCount "106"]
[EventDate "2013.01.22"]
[EventType "swiss"]
[EventRounds "10"]
[EventCountry "ENG"]
[Source "lmi"]
[SourceDate "2013.01.22"]

1. e4 c5 2. Nf3 Nc6 3. d4 cxd4 4. Nxd4 Nf6 5. Nc3 d6 6. Bg5 e6 7. Qd2 a6 8.
O-O-O Bd7 9. f4 h6 10. Bh4 Nxe4 11. Qe1 Nf6 12. Nf5 Qa5 13. Nxd6+ Bxd6 14. Rxd6
O-O-O 15. Qe3 Qb4 16. Rd2 Ne7 17. a3 Qa5 18. Qe5 Qxe5 19. fxe5 Nf5 20. exf6
Nxh4 21. Ne4 Bc6 22. Nd6+ Kc7 23. Nxf7 Rxd2 24. Kxd2 Rg8 25. Ne5 gxf6 26. Nxc6
Kxc6 27. g3 Nf3+ 28. Ke3 Ne5 29. Be2 Ng4+ 30. Kf4 Ne5 31. Rf1 Kd6 32. Ke3 Ke7
33. Rf4 Rc8 34. c3 Kf7 35. Rh4 Kg7 36. Rb4 Rc7 37. a4 f5 38. Bf1 Kf6 39. Bg2
Nc4+ 40. Ke2 Nd6 41. Rh4 Kg5 42. Rd4 Nf7 43. Rb4 Nd6 44. Rb6 Rd7 45. b3 Kf6 46.
c4 Ke5 47. c5 Ne4 48. Bxe4 fxe4 49. b4 Rc7 50. Ke3 Rf7 51. Ke2 Rc7 52. Ke3 Rf7
53. Ke2 Rc7 1/2-1/2

[Event "Tradewise Gibraltar Chess Festival 2013"]
[Site "Gibraltar ENG"]
[Date "2013.01.29"]
[Round "8.50"]
[White "Bellon Lopez, Juan Manuel"]
[Black "Sanchez Botella, Luis Javier"]
[Result "1-0"]
[WhiteElo "2404"]
[BlackElo "2196"]
[PlyCount "155"]
[EventDate "2013.01.22"]
[EventType "swiss"]
[EventRounds "10"]
[EventCountry "ENG"]
[Source "lmi"]
[SourceDate "2013.01.22"]

1. d4 e6 2. Nf3 c5 3. e3 Nf6 4. Nbd2 b6 5. Bd3 Bb7 6. O-O Be7 7. b3 O-O 8. Bb2
d6 9. c4 Nbd7 10. Qe2 Re8 11. Ng5 h6 12. f4 d5 13. Nh3 Ne4 14. Nxe4 dxe4 15.
Bc2 f5 16. g4 cxd4 17. Bxd4 Bf6 18. Rad1 Qe7 19. gxf5 exf5 20. Qh5 Qe6 21. b4
Bxd4 22. Rxd4 Nf6 23. Qe2 Red8 24. Rfd1 Qe7 25. Bb3 Kh7 26. a3 a5 27. Rxd8 Rxd8
28. Rxd8 Qxd8 29. Nf2 Bc6 30. Qd1 Qc7 31. Qd4 axb4 32. axb4 Be8 33. Bd1 Bf7 34.
Be2 Qc6 35. Nd1 Bh5 36. Bxh5 Nxh5 37. b5 Qg6+ 38. Kf1 Qg4 39. Nf2 Qf3 40. Qd1
Qxd1+ 41. Nxd1 Nf6 42. Nc3 g5 43. Na4 Nd7 44. c5 bxc5 45. b6 Kg6 46. b7 c4 47.
Nc3 Nb8 48. Ke2 Kf6 49. Nb5 g4 50. Kf2 h5 51. Kg3 Nc6 52. h4 gxh3 53. Kxh3 Kg6
54. Nc3 Nb8 55. Nd5 Na6 56. Kg3 Nb8 57. Kh4 Na6 58. Ne7+ Kf6 59. Nc6 Ke6 60.
Nd4+ Kf6 61. Kxh5 c3 62. Nc2 Nb8 63. Nd4 Na6 64. Kh4 Nb8 65. Kg3 Ke7 66. Nxf5+
Kd7 67. Nd4 Kc7 68. Nb5+ Kxb7 69. Nxc3 Kc6 70. Nxe4 Kd5 71. Ng5 Nd7 72. Kg4
Nf6+ 73. Kf5 Nh5 74. Kg6 Ng3 75. f5 Kd6 76. f6 Kd7 77. f7 Ke7 78. Nh7 1-0

[Event "Tradewise Gibraltar Chess Festival 2013"]
[Site "Gibraltar ENG"]
[Date "2013.01.29"]
[Round "8.52"]
[White "Quillan, Gary"]
[Black "Seyfried, Claus"]
[Result "1-0"]
[WhiteElo "2398"]
[BlackElo "2177"]
[PlyCount "45"]
[EventDate "2013.01.22"]
[EventType "swiss"]
[EventRounds "10"]
[EventCountry "ENG"]
[Source "lmi"]
[SourceDate "2013.01.22"]

1. e4 e6 2. d4 d5 3. e5 c5 4. Nf3 Nc6 5. Bd3 cxd4 6. O-O Nge7 7. Bf4 Ng6 8. Bg3
f5 9. exf6 Qxf6 10. Re1 Bc5 11. Nbd2 O-O 12. Bxg6 Qxg6 13. Nb3 Bb4 14. Rf1 Bd7
15. Nbxd4 Rac8 16. c3 Bc5 17. Re1 a6 18. Qd2 b5 19. Re2 b4 20. Nxc6 bxc3 21.
Qxc3 Rxc6 22. Ne5 Qh5 23. Nxc6 1-0